Statistiques concernant effectif maroc coupe du monde 2022

Cliquez ici pour prendre le quiz!

Statistiques générales

  • Ce quiz a été pris 240 fois
  • Le résultat moyen est 5 sur 26

Statistiques - réponses

Postejoueur% Correct
GYassine Bounou
91%
DAchraf Hakimi
83%
D
Ghanem Saïss
62%
D
Nayef Aguerd
61%
D
Noussair Mazraoui
50%
G
Reda Tagnaouti
39%
D
Achraf Dari
37%
D
Yahya Attiat Allah
32%
G
Munir El Kajoui
32%
D
Badr Benoun
25%
D
Jawad El Yamiq
12%
M
Yahya Jabrane (Wydad Casablanca, MAR)
2%
A
Abderrazak Hamdallah (Ittihad FC, KSA)
0%
A
Abdessamad Ezzalzouli (CA Osasuna, ESP)
0%
A
Anass Zaroury (Burnley FC, GBR),
0%
M
Bilal El Khannouss (KRC Genk, BEL)
0%
A
Ilias Chair (Queens Park Rangers, GBR)
0%
A
Walid Cheddira (SSC Bari, ITA)
0%
A
Yousseff En-Nesyri (Seville FC, ESP)
0%
A
Zakaria Aboukhlal (Toulouse FC, FRA)
0%
M
Abdelhamid Sabiri (UC Sampdoria, ITA)
0%
M
Azzedine Ounahi (Angers SCO, FRA)
0%
M
Selim Amallah (Standard de Liège, BEL)
0%
A
Sofiane Boufal (Angers SCO, FRA)
0%
AHakim Ziyech (Chelsea FC, GBR)
0%
MSofyan Amrabat (ACF Fiorentina, ITA)
0%

Distribution des résultats

Percentile par nombre de réponses

% des personnes avec chaque résultat

Votre développement - résultats

Vous n’avez pas pris ce quiz